00827nam a2200193Ia 4500003000400000005001700004008004100021020001800062040002100080041000800101082001400109100004400123245007600167250002200243260004400265300003000309520027200339650002200611OSt20250522114856.0191128s2008 ck er 000 f spa d a9789587098013 aCO-JMCRcCO-JMCR aspa04aJ-NbJARd1 aJaramillo López, Juan Camilo,e autor10aDécimo grado : bun salto al vacío /cJuan Camilo Jaramillo López aPrimera edición aBogotá : bIntermedio Editores,c2008 a378 páginas ; c 22 cm. aDécimo grado marcó un hito en la televisión colombiana. Las vivencias de un grupo de adolescentes dentro y fuera del salón de clases -sus amores, odios, alegrías y frustraciones- fueron plasmadas de forma tan veraz y entretenida que llegó a convertirse no14aNovela colombiana